Bundesliga Vorlagengeber 2021/2022 - Statistiken

Allgemein
  • Dieses Quiz wurde 557 mal gespielt
  • Das Durchschnittsergebnis liegt bei 6 aus 7
Antwortstatistiken
Vorlagen Verein Spieler % Korrekt
18 FC Bayern München Thomas Müller
99%
16 Borussia Dortmund Marco Reus
95%
16 RB Leipzig Christopher Nkunku
90%
11 FC Bayern München Joshua Kimmich
84%
12 Bayer Leverkusen Moussa Diaby
79%
11 Bayer Leverkusen Florian Wirtz
72%
12 1899 Hoffenheim David Raum
47%
Keine übereinstimmenden Quizze gefunden
Verteilung der Resultate
Anzahl Personen mit jedem Resultat
Perzentil nach korrekt beantworteten Fragen
Ihre Resultats-Entwicklung
Sie haben dieses Quiz noch nicht gespielt